Guess the ZAYN song with no hints #7 - Statistics

General Stats
  • This quiz has been taken 12 times
  • The average score is 204 of 294
Answer Stats
Answer % Correct
a
100%
I
100%
me
100%
me,
100%
ya
100%
you
100%
you,
100%
it
91%
love,
91%
love
91%
the
91%
and
82%
Let
82%
my
82%
My
82%
your
82%
all
73%
can
73%
do
73%
in
73%
like
73%
of
73%
off
73%
oh
73%
Oh,
73%
on
73%
skin
73%
skin,
73%
Sweat
73%
sweat
73%
that
73%
when
73%
where
73%
again
64%
can't
64%
Can't
64%
for
64%
Give
64%
how
64%
mind
64%
attention
55%
baby
55%
body
55%
drippin'
55%
eyes
55%
get
55%
into
55%
take
55%
touch
55%
want
55%
could
45%
Day
45%
Dive
45%
down
45%
gold
45%
just
45%
much
45%
night
45%
ocean
45%
one
45%
Only
45%
over
45%
show
45%
Slowly
45%
steamin'
45%
tear
45%
thing
45%
up
45%
windows
45%
been
36%
clothes
36%
Damn,
36%
heartbeat
36%
higher
36%
losing
36%
lost
36%
Reaching
36%
Stayin'
36%
time
36%
track
36%
We've
36%
heights
27%
gеt
0%
No matching quizzes found
Score Distribution
Percent of People with Each Score
Percentile by Number Answered
Your Score History
You have not taken this quiz